Statistics for Loser of Every Presidental Election

Click here to take the quiz!

General Stats

  • This quiz has been taken 39 times
    (30 since last reset)
  • The average score is 30 of 56

Answer Stats

ElectionAnswer% Correct
2020Donald Trump
100%
2016Hillary Clinton
100%
1812DeWitt Clinton
96%
2000Al Gore
92%
1992George H.W. Bush
92%
1976Gerald Ford
88%
1980Jimmy Carter
88%
2008John McCain
84%
2012Mitt Romeny
84%
1960Richard Nixon
84%
1800John Adams
80%
1828John Quincy Adams
80%
1964Barry Goldwater
72%
2004John Kerry
72%
1796Thomas Jefferson
72%
1996Bob Dole
68%
1968Hubert Humphrey
68%
1984Walter Mondale
68%
1912William Howard Taft
68%
1932Herbert Hoover
64%
1988Michael Dukakis
64%
1948Thomas Dewey
64%
1944Thomas Dewey
64%
1928Al Smith
60%
1824Andrew Jackson
60%
1888Grover Cleveland
60%
1956Adlai Stevenson II
56%
1952Adlai Stevenson II
56%
1892Benjamin Harrison
56%
1836William Henry Harrison
56%
1972George McGovern
52%
1840Martin Van Buren
52%
1940Wendell Willkie
48%
1936Alf Landon
40%
1876Samuel Tilden
40%
1864George McClellan
36%
1916Charles Evan Hughes
32%
1884James Blaine
32%
1924John Davis
32%
1860Stephen Douglas
32%
1900William Jennings Bryan
32%
1908William Jennings Bryan
32%
1896William Jennings Bryan
32%
1832Henry Clay
28%
1844Henry Clay
28%
1872Horace Greeley
28%
1868Horatio Seymour
28%
1920James Cox
28%
1856John Fremont
28%
1848Lewis Cass
24%
1816Rufus King
24%
1852Winfield Scott
24%
1880Winfield Scott Hancock
24%
1904Alton Parker
20%
1808Charles Pinckney
20%
1804Charles Pinckney
20%

Score Distribution

Percentile by Number Answered

Percent of People with Each Score

Your Score History

You have not taken this quiz since the last reset